Microeconomics (Record no. 5685)

MARC details
005 - DATE AND TIME OF LATEST TRANSACTION
control field 20250627143328.0
020 ## - INTERNATIONAL STANDARD BOOK NUMBER
International Standard Book Number 978-0-07-724691-4
082 ## - DEWEY DECIMAL CLASSIFICATION NUMBER
Classification number 330 McC
100 ## - MAIN ENTRY--PERSONAL NAME
Author name McCONNELL, R . C
245 ## - TITLE STATEMENT
Title Microeconomics
250 ## - EDITION STATEMENT
Edition statement 17th Ed.
260 ## - PUBLICATION, DISTRIBUTION, ETC.
Place of publication, distribution, etc. Boston
Name of publisher, distributor, etc. McGraw-Hill Irwin
Date of publication, distribution, etc. 2008.
300 ## - PHYSICAL DESCRIPTION
Extent xxvii,482p.: ill.; figures,tables
Other physical details Index, Glossary
Dimensions 24cm
700 ## - ADDED ENTRY--PERSONAL NAME
Other authors/Editors Atanley L. Brue
942 ## - ADDED ENTRY ELEMENTS (KOHA)
Source of classification or shelving scheme Dewey Decimal Classification
Koha item type Books
Holdings
Date last seen Total checkouts Full call number Barcode Price effective from Koha item type Lost status Source of classification or shelving scheme Damaged status Not for loan Withdrawn status Home library Current library Shelving location Date acquired Source of acquisition Cost, replacement price Cost, normal purchase price
06/30/2025   330 McC DOM0004570 06/27/2025 Books   Dewey Decimal Classification       CBE Dodoma CBE Dodoma General Collection 07/17/2017 Library Budget 150000.00 50000.00
06/27/2025   330 McC MZA0002437 06/27/2025 Books   Dewey Decimal Classification       CBE Mwanza CBE Mwanza General Collection 07/17/2017 Library Budget    
06/27/2025   330 McC MZA0002438 06/27/2025 Books   Dewey Decimal Classification       CBE Mwanza CBE Mwanza General Collection 07/17/2017 Library Budget    
06/27/2025   330 McC MZA0002439 06/27/2025 Books   Dewey Decimal Classification       CBE Mwanza CBE Mwanza General Collection 07/17/2017 Library Budget